Využitie marketingových nástrojov vo vybranom podniku bakalárska práca

Salvato in:
Dettagli Bibliografici
Autore principale: Tvrdoň, Rudolf
Ente Autore: Fakulta podnikového manažmentu EU. Katedra podnikovohospodárska
Altri autori: Bartoš, Adam
Natura: Libro
Lingua:slovacco
Pubblicazione: Bratislava 2018
Tags: Aggiungi Tag
Nessun Tag, puoi essere il primo ad aggiungerne!!

MARC

LEADER 00000nbm a2200000 4500
001 0247303
005 20181009112615.7
041 0 |a slo 
044 |a SK 
245 1 0 |a Využitie marketingových nástrojov vo vybranom podniku  |b bakalárska práca  |c Rudolf Tvrdoň ; školiteľ: Adam Bartoš 
264 1 |a Bratislava  |c 2018 
300 |a 62 s. 
100 1 |a Tvrdoň, Rudolf 
700 1 |a Bartoš, Adam 
710 2 |a Fakulta podnikového manažmentu EU. Katedra podnikovohospodárska